[Event "Dubna op"]
[Site "Dubna"]
[Date "2007.08.08"]
[Round "9"]
[White "Nasonov, Vadim"]
[Black "Korzhukov, Andrey"]
[Result "1/2-1/2"]
[WhiteElo "2264"]
[BlackElo "1988"]
[PlyCount "44"]
[EventDate "2007.08.02"]
[EventType "swiss"]
[EventRounds "14"]
[EventCountry "RUS"]
[SourceTitle "EXT 2008"]
[Source "ChessBase"]
[SourceDate "2007.11.25"]
[SourceVersion "1"]
[SourceVersionDate "2007.11.25"]
[SourceQuality "1"]

1. d4 Nf6 2. g3 d5 3. Bg2 e6 4. Nf3 b6 5. 0-0 Ba6 6. b3 Nbd7 7. Bb2 Rc8 8. Nbd2 Bb4 9. c3 Be7 10. c4 0-0 11. Ne5 c5 12. Nxd7 Qxd7 13. cxd5 Nxd5 14. dxc5 Bxc5 15. Ne4 Be7 16. Qd4 f6 17. Nc3 Bc5 18. Qd2 Bb4 19. Bxd5 Bxc3 20. Bxe6+ Qxe6 21. Bxc3 Rfd8 22. Qb2 Qxe2 1/2-1/2